[Event "ICS rated blitz match"]
[Site "freechess.org"]
[Date "2003.09.20"]
[Round "?"]
[White "wouterw"]
[Black "Andrzej"]
[Result "0-1"]
[WhiteElo "1706"]
[BlackElo "1746"]
[PlyCount "94"]

1. d4 d5 2. e3 Nf6 3. c4 e6 4. cxd5 exd5 5. Nc3 Bb4 6. a3 Ba5 7. b4 Bb6 8. Bb2
O-O 9. Nf3 c6 10. Na4 Bc7 11. Nc5 b6 12. Nd3 Nbd7 13. g3 Ne4 14. Bg2 Re8 15.
Rc1 Bb7 16. O-O Rc8 17. Re1 Ndf6 18. Qe2 Qd7 19. Nde5 Bxe5 20. Nxe5 Qe6 21.
Bxe4 Nxe4 22. Qf3 f6 23. Nd3 Ba6 24. Nf4 Qf7 25. Qg2 g5 26. Ne2 h5 27. Nc3 Nxc3
28. Bxc3 Kg7 29. Qf3 g4 30. Qf4 Qg6 31. Bd2 Rh8 32. Qd6 h4 33. Qe7+ Qf7 34. Qd6
hxg3 35. fxg3 Qh5 36. Qe7+ Kg6 37. h4 gxh3 38. Kh2 Qf3 39. Rg1 Qe2+ 40. Kh1 h2
41. Qe6 Qf3+ 42. Rg2 Bf1 43. Qg4+ Qxg4 44. Rxf1 Rce8 45. Rf4 Qd1+ 46. Rf1 Qxf1+
47. Rg1 47... Qxg1# {wouterw checkmated} 0-1

[Event "ICS rated blitz match"]
[Site "freechess.org"]
[Date "2003.09.20"]
[Round "?"]
[White "Andrzej"]
[Black "doowopoldie"]
[Result "1-0"]
[WhiteElo "1752"]
[BlackElo "1689"]
[PlyCount "41"]

1. e4 e6 2. d4 d5 3. exd5 exd5 4. c4 c6 5. Nc3 Nf6 6. Nf3 Bg4 7. Be2 dxc4 8.
Bxc4 Be7 9. O-O O-O 10. h3 Bh5 11. g4 Bg6 12. Nh4 Nbd7 13. Nxg6 hxg6 14. Qd3
Bd6 15. Qxg6 Rc8 16. Bh6 Ne8 17. Bxg7 Nxg7 18. Qxd6 Rc7 19. Rae1 Qc8 20. Ne4
Nb6 21. Qh6 {doowopoldie resigns} 1-0

[Event "ICS rated standard match"]
[Site "freechess.org"]
[Date "2003.09.20"]
[Round "?"]
[White "Andrzej"]
[Black "sassogordona"]
[Result "0-1"]
[WhiteElo "1983"]
[BlackElo "1942"]
[PlyCount "98"]

1. e4 c5 2. Nc3 Nc6 3. g3 g6 4. Bg2 Bg7 5. f4 d6 6. Nf3 e6 7. O-O Nge7 8. h3
O-O 9. g4 f5 10. exf5 gxf5 11. g5 e5 12. d3 Be6 13. Nh4 d5 14. Kh1 e4 15. Rg1
d4 16. Ne2 e3 17. c4 Qd6 18. Qf1 Rab8 19. Bf3 Ng6 20. Nxg6 hxg6 21. h4 Kf7 22.
h5 Rh8 23. h6 Bf8 24. Kg2 b5 25. b3 Nb4 26. Ng3 Qxf4 27. a3 Qxg5 28. axb4 Bd6
29. Rxa7+ Kf8 30. Qe1 f4 31. bxc5 Bxc5 32. Rc7 fxg3 33. h7 Bf7 34. Rh1 Bd6 35.
Ra7 bxc4 36. bxc4 Qf4 37. Rf1 Qh4 38. Rh1 Qf4 39. Qa5 Kg7 40. Rf1 Rxh7 41. Bd5
Rh2+ 42. Kg1 Qf2+ 43. Rxf2 exf2+ 44. Kf1 Rh1+ 45. Ke2 f1=Q+ 46. Kd2 Qxc1+ 47.
Ke2 Rb2+ 48. Kf3 Qd1+ 49. Ke4 49... Qg4# {Andrzej checkmated} 0-1

[Event "ICS rated blitz match"]
[Site "freechess.org"]
[Date "2003.09.22"]
[Round "?"]
[White "Andrzej"]
[Black "Fedot"]
[Result "1-0"]
[WhiteElo "1787"]
[BlackElo "1751"]
[PlyCount "70"]

1. e4 c5 2. Nc3 Nc6 3. g3 e6 4. Bg2 d6 5. f4 Nge7 6. Nf3 g6 7. O-O Bg7 8. d3
O-O 9. h3 a6 10. g4 f5 11. a4 Rb8 12. gxf5 exf5 13. Kh1 b5 14. axb5 axb5 15.
Rg1 b4 16. Ne2 d5 17. e5 Kh8 18. h4 h5 19. Bh3 d4 20. Bd2 Bb7 21. Kh2 Qe8 22.
b3 Nd5 23. Ng3 Nc3 24. Bxc3 bxc3 25. Bg2 Ne7 26. Ng5 Bxg2 27. Rxg2 Qc6 28. Qg1
Ra8 29. Rxa8 Rxa8 30. Nxh5 Ra2 31. Nf7+ Kg8 32. Nd6 Qf3 33. Nf6+ Kf8 34. Rf2
Qc6 35. Qg5 35... Nd5 {Fedot forfeits on time} 1-0

[Event "ICS rated blitz match"]
[Site "freechess.org"]
[Date "2003.09.22"]
[Round "?"]
[White "Andrzej"]
[Black "Selfmade"]
[Result "1-0"]
[WhiteElo "1787"]
[BlackElo "1693"]
[PlyCount "87"]

1. e4 c5 2. Nc3 d6 3. g3 e6 4. Bg2 Be7 5. f4 Nd7 6. Nf3 Ngf6 7. O-O h5 8. d3 h4
9. Nxh4 Ng4 10. Qxg4 Bxh4 11. gxh4 Nf6 12. Qf3 e5 13. f5 Rxh4 14. Bg5 Rh8 15.
h4 Qe7 16. Kf2 Bd7 17. Rh1 Bc6 18. Rag1 O-O-O 19. Bh3 Kb8 20. b3 Qd7 21. Bxf6
gxf6 22. Bf1 Rh7 23. h5 Rdh8 24. Be2 b5 25. a3 a5 26. Rg2 b4 27. axb4 axb4 28.
Nd5 Bxd5 29. exd5 Re8 30. Rgg1 Reh8 31. Ra1 Qb7 32. Qh3 Qxd5 33. Bf3 Qd4+ 34.
Ke2 Qc3 35. Ra8+ Kc7 36. Ra7+ Kb8 37. Rb7+ Kc8 38. Rc1 Qd4 39. Qh1 d5 40. Bxd5
Rxh5 41. Be6+ fxe6 42. Qc6+ Kd8 43. Qc7+ Ke8 44. Qe7# {Selfmade checkmated} 1-0

[Event "ICS rated blitz match"]
[Site "freechess.org"]
[Date "2003.09.22"]
[Round "?"]
[White "MrCheckmate"]
[Black "Andrzej"]
[Result "0-1"]
[WhiteElo "1735"]
[BlackElo "1766"]
[PlyCount "73"]

1. d4 d5 2. c4 e6 3. Nf3 Nf6 4. Bg5 h6 5. Bxf6 Qxf6 6. cxd5 exd5 7. e3 Bb4+ 8.
Nc3 Bg4 9. Be2 c6 10. a3 Ba5 11. O-O O-O 12. b4 Bc7 13. Rc1 Nd7 14. b5 Qg6 15.
h3 Bxh3 16. Nh4 Qg5 17. g3 Bxf1 18. Kxf1 Nf6 19. Nf3 Qh5 20. Bd3 Ng4 21. bxc6
bxc6 22. Ke2 Rfe8 23. Nb5 Bxg3 24. fxg3 Nxe3 25. Qh1 Nf1+ 26. Kf2 Qxh1 27. Rxf1
Qh5 28. Nc7 Rab8 29. Nxe8 Rxe8 30. Ne5 Qh2+ 31. Kf3 Qd2 32. Rf2 Qd1+ 33. Kg2
Rxe5 34. Bh7+ Kxh7 35. dxe5 Qd4 36. Rxf7 Qxe5 37. Rxa7 {MrCheckmate resigns}
0-1

[Event "ICS rated blitz match"]
[Site "freechess.org"]
[Date "2003.09.24"]
[Round "?"]
[White "Andrzej"]
[Black "konijn"]
[Result "1-0"]
[WhiteElo "1803"]
[BlackElo "1755"]
[PlyCount "77"]

1. e4 c5 2. Nc3 Nc6 3. g3 g6 4. Bg2 Bg7 5. f4 e6 6. Nf3 Nge7 7. O-O O-O 8. g4
Rb8 9. a4 a6 10. d3 b5 11. axb5 axb5 12. h4 b4 13. Ne2 f5 14. gxf5 exf5 15. Kh2
d6 16. Rg1 Bb7 17. Qe1 Nd4 18. Nexd4 cxd4 19. Ng5 Qd7 20. Qg3 d5 21. e5 b3 22.
cxb3 Bc8 23. Ra3 Qb5 24. h5 Bd7 25. hxg6 Nxg6 26. Qh3 Rf6 27. Qxh7+ Kf8 28.
exf6 Qxd3 29. Qxg7+ Ke8 30. f7+ Kd8 31. Qf6+ Kc7 32. Ra7+ Rb7 33. Rxb7+ Kxb7
34. Bxd5+ Kc7 35. f8=Q Qe2+ 36. Rg2 Qh5+ 37. Nh3 Qxh3+ 38. Kxh3 Nxf4+ 39. Bxf4#
{konijn checkmated} 1-0

[Event "ICS rated standard match"]
[Site "freechess.org"]
[Date "2003.09.25"]
[Round "?"]
[White "appelwoi"]
[Black "Andrzej"]
[Result "0-1"]
[WhiteElo "1964"]
[BlackElo "2003"]
[PlyCount "88"]

1. d4 d5 2. Nf3 Nf6 3. c4 e6 4. Nc3 Bb4 5. Bg5 O-O 6. e3 h6 7. Bh4 Nbd7 8. cxd5
exd5 9. Bd3 c6 10. O-O Qc7 11. Qc2 Bd6 12. Bg3 Bxg3 13. hxg3 Re8 14. b4 a6 15.
a4 Nf8 16. a5 Bg4 17. Ne5 Be6 18. Na4 N8d7 19. Nxd7 Nxd7 20. Nc5 Rab8 21. Bf5
Nxc5 22. bxc5 g6 23. Bd3 Kg7 24. Rfb1 Bc8 25. Rb6 h5 26. Rab1 Ra8 27. Qd1 Rh8
28. e4 h4 29. e5 Qe7 30. Qd2 Qe6 31. gxh4 Rxh4 32. Rf1 Qg4 33. f4 Qg3 34. Rf3
Qh2+ 35. Kf2 Bh3 36. Bf1 Bf5 37. Rxb7 Be4 38. Rg3 Rah8 39. Bd3 Rh3 40. Qe3 Rxg3
41. Qxg3 Qxg3+ 42. Kxg3 Bxd3 43. Rc7 Bb5 44. e6 44... Rf8 {appelwoi resigns}
0-1

[Event "ICS rated blitz match"]
[Site "freechess.org"]
[Date "2003.09.26"]
[Round "?"]
[White "Jarppa"]
[Black "Andrzej"]
[Result "1/2-1/2"]
[WhiteElo "2011"]
[BlackElo "1811"]
[PlyCount "91"]

1. e4 e6 2. d4 d5 3. Nd2 dxe4 4. Nxe4 Nf6 5. Nxf6+ gxf6 6. Nf3 Nc6 7. c3 h5 8.
g3 b6 9. Bg2 Bb7 10. O-O Bd6 11. Re1 Ne7 12. Be3 Nf5 13. Qd3 Qe7 14. c4 O-O-O
15. a4 h4 16. a5 hxg3 17. hxg3 Rdg8 18. axb6 axb6 19. c5 bxc5 20. dxc5 Bxg3 21.
fxg3 Rxg3 22. Bf4 Qxc5+ 23. Be3 Nxe3 24. Qxe3 Bxf3 25. Kf2 Rxg2+ 26. Kxf3 Rh3+
27. Kxg2 Rxe3 28. Rxe3 Qxe3 29. Rf1 Qe2+ 30. Rf2 Qe4+ 31. Kg1 f5 32. Kh2 f4 33.
Kg1 f3 34. Kh2 Qe3 35. Kg3 f5 36. Rxf3 Qe5+ 37. Kg2 Qxb2+ 38. Rf2 Qxf2+ 39.
Kxf2 e5 40. Ke3 f4+ 41. Ke4 c5 42. Kxe5 c4 43. Kxf4 c3 44. Ke3 c2 45. Kd2 c1=Q+
46. Kxc1 {Neither player has mating material} 1/2-1/2

[Event "ICS rated standard match"]
[Site "freechess.org"]
[Date "2003.09.25"]
[Round "?"]
[White "Andrzej"]
[Black "appelwoi"]
[Result "0-1"]
[WhiteElo "2030"]
[BlackElo "1955"]
[PlyCount "88"]

1. e4 c6 2. d4 d5 3. e5 Bf5 4. Bd3 Bxd3 5. Qxd3 e6 6. c3 Nd7 7. Ne2 c5 8. O-O
Ne7 9. Nd2 Qc7 10. f4 Nc6 11. Nf3 Be7 12. a3 h6 13. Be3 O-O-O 14. b4 c4 15. Qc2
Rdg8 16. a4 f5 17. a5 g5 18. Kf2 Nf8 19. g3 Ng6 20. Qa4 Nd8 21. b5 Qd7 22. b6
a6 23. Qa2 g4 24. Ne1 h5 25. Nc2 h4 26. Rh1 Nc6 27. Kg2 Rg7 28. Bc1 hxg3 29.
hxg3 Rxh1 30. Kxh1 Rh7+ 31. Kg2 Qe8 32. Ba3 Qh8 33. Ng1 Rh2+ 34. Kf1 Bd8 35.
Bd6 Rd2 36. Re1 Qh1 37. Re2 Rxe2 38. Kxe2 Qxg1 39. Qa4 Qxg3 40. Nb4 Nxf4+ 41.
Kd1 Qg1+ 42. Kc2 Qf2+ 43. Kb1 Nd3 44. Nc2 44... g3 {Andrzej resigns} 0-1

[Event "ICS rated blitz match"]
[Site "freechess.org"]
[Date "2003.09.26"]
[Round "?"]
[White "Andrzej"]
[Black "Filosofo"]
[Result "1-0"]
[WhiteElo "1815"]
[BlackElo "1905"]
[PlyCount "65"]

1. e4 c5 2. Nc3 e6 3. g3 g6 4. Bg2 Bg7 5. f4 Ne7 6. Nf3 Nbc6 7. O-O O-O 8. d3
a6 9. a4 Rb8 10. g4 b5 11. axb5 axb5 12. h4 b4 13. Ne2 d5 14. e5 f6 15. exf6
Bxf6 16. h5 gxh5 17. gxh5 Kh8 18. Ng5 Nf5 19. Kh2 Qe8 20. Ng3 Nxg3 21. Kxg3 h6
22. Nh3 Rg8+ 23. Kh2 e5 24. f5 e4 25. Bxh6 Qe5+ 26. Kh1 Qg3 27. Qd2 Ne7 28. Bf4
Qh4 29. Bxb8 Bxf5 30. Qh6+ Bh7 31. Rxf6 Rxg2 32. Rf8+ Rg8 33. Be5+ {
Filosofo resigns} 1-0

[Event "ICS Rated blitz match"]
[Site "freechess.org"]
[Date "2003.12.04"]
[Round "?"]
[White "Andrzej"]
[Black "Testator"]
[Result "1/2-1/2"]
[WhiteElo "1792"]
[BlackElo "1869"]
[PlyCount "54"]

1. e4 e6 2. d4 d5 3. exd5 exd5 4. c4 dxc4 5. Bxc4 Bd6 6. Nc3 Ne7 7. Nge2 Nd7 8.
O-O Nb6 9. Bb3 O-O 10. Bg5 Bf5 11. Ng3 Bg6 12. Re1 Re8 13. Qf3 c6 14. Nce4 Qd7
15. Nh5 Ned5 16. Nhf6+ gxf6 17. Nxf6+ Nxf6 18. Qxf6 Bf8 19. Re3 Nd5 20. Bxd5
Rxe3 21. Bxf7+ Qxf7 22. Qxf7+ Kxf7 23. fxe3 Re8 24. Rf1+ Ke6 25. Rf6+ Kd5 26.
Rf2 Be7 27. Bf4 27... Bd8 {Game drawn because both players ran out of time}
1/2-1/2

[Event "ICS rated blitz match"]
[Site "freechess.org"]
[Date "2004.09.28"]
[Round "?"]
[White "janwim"]
[Black "Andrzej"]
[Result "1/2-1/2"]
[WhiteElo "1726"]
[BlackElo "1717"]
[PlyCount "115"]

1. e4 e6 2. d4 d5 3. e5 c5 4. c3 Nc6 5. Nf3 Qb6 6. a3 Nge7 7. b4 cxd4 8. cxd4
Nf5 9. Bb2 a5 10. b5 Na7 11. g4 Nh6 12. g5 Nf5 13. a4 Bb4+ 14. Nbd2 Bd7 15. Bd3
Ne7 16. O-O Rc8 17. Nb3 O-O 18. h4 g6 19. h5 Rc7 20. Kg2 Rfc8 21. Rh1 Bc3 22.
Qe2 Bxb2 23. Qxb2 Rc3 24. Rad1 Nf5 25. Nc5 R3xc5 26. dxc5 Qxc5 27. Bxf5 exf5
28. Rc1 Qb4 29. Qxb4 axb4 30. Rxc8+ Nxc8 31. Rc1 Nb6 32. a5 Nc4 33. a6 bxa6 34.
bxa6 gxh5 35. a7 Bc6 36. Nd4 Ba8 37. Kg3 Kf8 38. e6 Ke7 39. exf7 Kxf7 40. Nb5
b3 41. Nc7 Bc6 42. a8=Q Bxa8 43. Nxa8 b2 44. Rb1 Ke6 45. Nc7+ Ke5 46. f4+ Ke4
47. Ne8 h4+ 48. Kxh4 Kxf4 49. Nf6 d4 50. Nxh7 Ne5 51. Kh5 d3 52. Rxb2 Ke3 53.
Nf6 d2 54. Rb1 Ke2 55. g6 Nxg6 56. Kxg6 d1=Q 57. Rxd1 Kxd1 58. Kxf5 {
Neither player has mating material} 1/2-1/2

[Event "ICS rated standard match"]
[Site "freechess.org"]
[Date "2004.09.28"]
[Round "?"]
[White "Andrzej"]
[Black "tyrelcorp"]
[Result "1-0"]
[WhiteElo "1983"]
[BlackElo "1792"]
[PlyCount "95"]

1. e4 d5 2. exd5 Nf6 3. Nc3 a6 4. d4 Nxd5 5. Nxd5 Qxd5 6. Nf3 Bg4 7. Be2 Nc6 8.
c3 O-O-O 9. O-O h5 10. h3 f6 11. Bf4 Bf5 12. c4 Qd7 13. d5 Nb8 14. Nd4 g5 15.
Bh2 e5 16. Nxf5 Qxf5 17. Bxh5 Nd7 18. Bg4 Qg6 19. Qf3 Bc5 20. a3 Bd4 21. Rab1
Kb8 22. Qf5 Qf7 23. Qe6 Qg7 24. b4 Rhe8 25. Qf5 e4 26. Bh5 Rg8 27. Qxe4 Be5 28.
Bg4 Rde8 29. Qf5 Bxh2+ 30. Kxh2 Ne5 31. c5 Nxg4+ 32. Qxg4 Qg6 33. Rbe1 f5 34.
Qd1 g4 35. Rxe8+ Rxe8 36. Re1 Rh8 37. Re6 Qg5 38. Qd3 gxh3 39. gxh3 f4 40. d6
Rg8 41. dxc7+ Ka7 42. c8=N+ Rxc8 43. Rg6 Qe5 44. Qf3 Rd8 45. c6 Qf5 46. Rg4
bxc6 47. Qxf4 Qxf4+ 48. Rxf4 {tyrelcorp resigns} 1-0

[Event "ICS rated blitz match"]
[Site "freechess.org"]
[Date "2004.09.28"]
[Round "?"]
[White "Zeverlap"]
[Black "Andrzej"]
[Result "0-1"]
[WhiteElo "1772"]
[BlackElo "1750"]
[PlyCount "68"]

1. d4 d5 2. Nc3 e6 3. Nf3 Nf6 4. Bg5 Bb4 5. Qd3 h6 6. Bxf6 Qxf6 7. O-O-O c5 8.
a3 c4 9. Qe3 Bxc3 10. Qxc3 Nc6 11. e4 O-O 12. e5 Qe7 13. g3 a5 14. Nh4 b5 15.
f4 b4 16. axb4 axb4 17. Qf3 c3 18. bxc3 bxc3 19. Qxc3 Nb4 20. Kd2 Bb7 21. Bd3
Rfc8 22. Qb3 Ra2 23. Rc1 Nxd3 24. Qxd3 Qb4+ 25. Ke2 Ba6 26. Qxa6 Rxa6 27. Rhd1
Ra2 28. Rd2 Qc4+ 29. Ke3 Ra3+ 30. Kf2 Qc3 31. Kg2 Qxd2+ 32. Kh3 g5 33. fxg5
hxg5 34. Ng2 34... g4+ {Zeverlap forfeits on time} 0-1

[Event "ICS rated blitz match"]
[Site "freechess.org"]
[Date "2004.09.28"]
[Round "?"]
[White "Andrzej"]
[Black "Zeverlap"]
[Result "1-0"]
[WhiteElo "1741"]
[BlackElo "1781"]
[PlyCount "89"]

1. e4 d6 2. d4 Nf6 3. Nc3 c6 4. Nf3 Bg4 5. Be2 e6 6. O-O Be7 7. h3 Bh5 8. Bf4
O-O 9. Re1 d5 10. e5 Nfd7 11. g4 Bg6 12. Bd3 c5 13. Ne2 Nc6 14. c3 cxd4 15.
cxd4 Qb6 16. Bxg6 fxg6 17. b3 Rac8 18. Rc1 Ba3 19. Rc2 Nb4 20. Rxc8 Rxc8 21.
Bd2 Nc6 22. Be3 Bb4 23. Rf1 Nf8 24. Nd2 Qa5 25. a4 Bc3 26. f4 Qb4 27. Nf3 Na5
28. Nxc3 Qxc3 29. Bd2 Qxb3 30. Bxa5 Qe3+ 31. Kg2 Qxf4 32. Bd2 Qe4 33. Qe1 Qd3
34. Qe3 Qc2 35. Rc1 Qxa4 36. Rxc8 Qd7 37. Rc1 b5 38. Bb4 a5 39. Bxa5 b4 40.
Bxb4 Qb5 41. Bd2 Qb2 42. Qc3 Qa2 43. Rc2 Qb1 44. Qc8 Qd1 45. Bb4 {
Zeverlap forfeits on time} 1-0

[Event "ICS rated standard match"]
[Site "freechess.org"]
[Date "2005.01.20"]
[Round "?"]
[White "aurumelio"]
[Black "Andrzej"]
[Result "1-0"]
[WhiteElo "1867"]
[BlackElo "1988"]
[PlyCount "39"]

1. e4 e6 2. Nf3 d5 3. e5 c5 4. b4 a6 5. bxc5 Bxc5 6. d4 Bb6 7. Bd3 Nc6 8. c3
Nge7 9. a4 Bd7 10. O-O Rc8 11. Bd2 Na5 12. Na3 O-O 13. Bxh7+ Kxh7 14. Ng5+ Kg8
15. Qh5 Re8 16. Qh7+ Kf8 17. Qh8+ Ng8 18. Nh7+ Ke7 19. Bg5+ Nf6 20. Qxg7 {
Andrzej resigns} 1-0

[Event "ICS Rated standard match"]
[Site "freechess.org"]
[Date "2005.01.21"]
[Round "?"]
[White "knightchaser"]
[Black "Andrzej"]
[Result "1-0"]
[WhiteElo "1888"]
[BlackElo "1934"]
[PlyCount "53"]

1. d4 d5 2. c4 Nf6 3. cxd5 Nxd5 4. e4 Nb6 5. Nc3 Nc6 6. Be3 a6 7. f4 Bd7 8. Nf3
Bg4 9. Be2 e6 10. a3 Qd7 11. O-O O-O-O 12. Ne5 Nxe5 13. fxe5 Bxe2 14. Qxe2 h5
15. Rac1 g6 16. d5 Bh6 17. Bxb6 Bxc1 18. Rxc1 cxb6 19. Na4+ Kb8 20. Nxb6 Qb5
21. Qf2 exd5 22. exd5 Rhe8 23. Qd4 Re6 24. Nc8 b6 25. Nd6 Rexd6 26. exd6 Rxd6
27. Qh8+ {Andrzej resigns} 1-0

[Event "ICS rated blitz match"]
[Site "freechess.org"]
[Date "2005.02.03"]
[Round "?"]
[White "Andrzej"]
[Black "Chaos"]
[Result "1-0"]
[WhiteElo "1702"]
[BlackElo "1737"]
[PlyCount "79"]

1. e4 c5 2. g3 b6 3. Bg2 Bb7 4. d3 Nf6 5. f4 d6 6. Nf3 e6 7. O-O Be7 8. h3 Qc7
9. g4 O-O 10. Nbd2 Re8 11. Re1 Nc6 12. Nf1 Nd4 13. c3 Nxf3+ 14. Qxf3 Nd7 15.
Ng3 g5 16. fxg5 Ne5 17. Qf1 c4 18. d4 Nd3 19. Re2 Nxc1 20. Rxc1 Bxg5 21. Rcc2
Bh4 22. Nh5 e5 23. Nf6+ Bxf6 24. Qxf6 Qe7 25. dxe5 dxe5 26. Rf2 Qxf6 27. Rxf6
Rad8 28. Rcf2 Re7 29. Kf1 Rd3 30. Ke2 Rd8 31. h4 Kg7 32. g5 Rc8 33. h5 Rc6 34.
Bh3 Rcc7 35. Ke3 Kg8 36. g6 hxg6 37. hxg6 fxg6 38. Rxg6+ Rg7 39. Be6+ Kh8 40.
Rh2+ {Chaos forfeits on time} 1-0

[Event "ICS rated standard match"]
[Site "freechess.org"]
[Date "2005.01.18"]
[Round "?"]
[White "Andrzej"]
[Black "knightchaser"]
[Result "1/2-1/2"]
[WhiteElo "2002"]
[BlackElo "1896"]
[PlyCount "158"]

1. e4 Nc6 2. d4 e5 3. d5 Nce7 4. Nf3 Ng6 5. Bd3 Nf6 6. O-O Bc5 7. Nbd2 O-O 8.
Nb3 Bb6 9. Bg5 d6 10. Qe2 h6 11. Be3 Ng4 12. Bxb6 Nf4 13. Qd2 axb6 14. h3 Nf6
15. Kh2 h5 16. Nc1 Nh7 17. Ne2 g5 18. Nxf4 gxf4 19. Rg1 Qd7 20. Qe2 Nf6 21. Nh4
Qe7 22. g3 Kh8 23. Nf5 Bxf5 24. exf5 Rg8 25. gxf4 Ng4+ 26. hxg4 Qh4+ 27. Kg2
Rxg4+ 28. Kf3 Rxf4+ 29. Ke3 Raa4 30. c4 e4 31. Rh1 exd3 32. Qxh5+ Qxh5 33.
Rxh5+ Kg7 34. Kxf4 Rxc4+ 35. Ke3 Kf6 36. Kxd3 Rc5 37. Rg1 Rxd5+ 38. Ke4 Re5+
39. Kf4 Re2 40. Kf3 Re5 41. Rgh1 d5 42. Rh6+ Ke7 43. f6+ Ke6 44. Rg1 d4 45. Rg7
d3 46. Rh1 Kxf6 47. Rg4 Rd5 48. Rd1 c5 49. Ke4 Rd6 50. Rxd3 Re6+ 51. Kf4 b5 52.
Rd7 b6 53. Rh4 Kg6 54. Rg4+ Kf6 55. Rh4 Kg6 56. Rb7 c4 57. f3 b4 58. Rg4+ Kf6
59. Kg3 Rc6 60. Re4 c3 61. bxc3 bxc3 62. Re1 c2 63. Rc1 Ke5 64. Kf2 Kd4 65.
Rxf7 Kc3 66. Rd7 Kb2 67. Rxc2+ Rxc2+ 68. Ke3 Kxa2 69. Rb7 Rb2 70. Ke4 b5 71. f4
b4 72. f5 b3 73. f6 Rf2 74. f7 b2 75. Ke5 Rxf7 76. Rxf7 b1=Q 77. Ra7+ Kb3 78.
Rb7+ Kc2 79. Rxb1 79... Kxb1 {Neither player has mating material} 1/2-1/2

[Event "ICS rated blitz match"]
[Site "freechess.org"]
[Date "2005.02.12"]
[Round "?"]
[White "TrePhoenix"]
[Black "Andrzej"]
[Result "0-1"]
[WhiteElo "1653"]
[BlackElo "1706"]
[PlyCount "56"]

1. e4 e6 2. d4 d5 3. Nd2 dxe4 4. Nxe4 Nf6 5. Bd3 Nc6 6. c3 b6 7. Qf3 Bb7 8.
Nxf6+ Qxf6 9. Qxf6 gxf6 10. f4 O-O-O 11. Nf3 Bd6 12. Kf2 Ne7 13. g3 e5 14. fxe5
fxe5 15. Re1 exd4 16. Nxd4 Bc5 17. Bg5 Bxd4+ 18. cxd4 Rxd4 19. Rxe7 Rxd3 20.
Rxf7 Re8 21. Rxh7 Rf3+ 22. Kg1 Re2 23. Bf4 Rc2 24. Re1 Ba6 25. Be3 Rxb2 26. a4
Kb7 27. Bf4 Rc2 28. Ree7 28... Rf1# {TrePhoenix checkmated} 0-1

[Event "ICS rated standard match"]
[Site "freechess.org"]
[Date "2005.03.18"]
[Round "?"]
[White "Andrzej"]
[Black "SveOk"]
[Result "0-1"]
[WhiteElo "1892"]
[BlackElo "1791"]
[PlyCount "152"]

1. e4 d5 2. exd5 Nf6 3. Nc3 Nxd5 4. Nxd5 Qxd5 5. Nf3 Bg4 6. Be2 e5 7. d3 Bc5 8.
O-O O-O 9. Bd2 Nc6 10. a3 Rfe8 11. b4 Bd6 12. c4 Qe6 13. Re1 Qg6 14. Bc3 Rad8
15. c5 e4 16. Nh4 Bxh2+ 17. Kxh2 Bxe2 18. Qxe2 Qh6 19. Qg4 g5 20. Kg1 Qxh4 21.
Qxh4 gxh4 22. dxe4 Rd3 23. Bf6 Ne5 24. Bxh4 Ng6 25. Bg3 c6 26. f3 Rd2 27. Red1
Red8 28. Bd6 Rb2 29. Kh2 Nh4 30. Rg1 f6 31. Kg3 Ng6 32. Kg4 Kf7 33. Rab1 Ra2
34. Ra1 Rb2 35. g3 Rb3 36. f4 Rg8 37. Kh3 Nf8 38. Rab1 Rxa3 39. Ra1 Rxa1 40.
Rxa1 a6 41. e5 f5 42. Rd1 Ne6 43. Kh4 Rg4+ 44. Kh3 Rg6 45. Bb8 Ke7 46. Bd6+ Ke8
47. Bb8 Rh6+ 48. Kg2 Rg6 49. Kf3 h5 50. Rh1 Rh6 51. Bd6 Nd4+ 52. Kf2 Kf7 53.
Rd1 Ne6 54. Bb8 Ke8 55. Bd6 Rh7 56. Bb8 Rd7 57. Rxd7 Kxd7 58. Bd6 Nd4 59. Kg2
Nc2 60. Kh3 Nxb4 61. Kh4 a5 62. Kxh5 a4 63. Kg5 Ke6 64. g4 fxg4 65. f5+ Kd5 66.
e6 a3 67. e7 a2 68. e8=Q Kc4 69. Qe6+ Kb5 70. f6 a1=Q 71. f7 Qc1+ 72. Kxg4 Qg1+
73. Kf5 Qf2+ 74. Kg6 Qg2+ 75. Kf6 Nd5+ 76. Kf5 76... Qh3+ {
Andrzej forfeits on time} 0-1

[Event "ICS rated blitz match"]
[Site "freechess.org"]
[Date "2005.03.26"]
[Round "?"]
[White "dhanya"]
[Black "Andrzej"]
[Result "0-1"]
[WhiteElo "1739"]
[BlackElo "1659"]
[PlyCount "52"]

1. e4 e6 2. Nf3 d5 3. exd5 exd5 4. d4 Nf6 5. Bd3 Bd6 6. O-O O-O 7. Re1 c6 8.
Ne5 Nbd7 9. f4 Qc7 10. c3 Re8 11. Qc2 Nf8 12. Nd2 Ng6 13. Ndf3 Bg4 14. Bd2 Bxf3
15. gxf3 Nh5 16. Nxg6 hxg6 17. f5 Bxh2+ 18. Kh1 Qg3 19. fxg6 Rxe1+ 20. Rxe1 Qf2
21. gxf7+ Kf8 22. Re8+ Rxe8 23. fxe8=Q+ Kxe8 24. Bg6+ Kd7 25. Qf5+ Kc7 26. Qg5
26... Ng3+ {dhanya resigns} 0-1

[Event "ICS rated standard match"]
[Site "freechess.org"]
[Date "2005.03.27"]
[Round "?"]
[White "NoPawnPlease"]
[Black "Andrzej"]
[Result "0-1"]
[WhiteElo "1973"]
[BlackElo "1969"]
[PlyCount "40"]

1. e4 e6 2. d4 d5 3. Nc3 dxe4 4. Nxe4 Nf6 5. Nxf6+ gxf6 6. Nf3 Nc6 7. g3 b6 8.
Bg2 Bb7 9. O-O Qd7 10. c3 O-O-O 11. Qb3 h5 12. h4 Bd6 13. a4 Rhg8 14. Kh2 Ne7
15. a5 Nf5 16. axb6 axb6 17. Ra7 Nxg3 18. fxg3 Rxg3 19. Kh1 Rdg8 20. Rxb7 20...
Rxg2 {NoPawnPlease resigns} 0-1

[Event "ICS rated standard match"]
[Site "freechess.org"]
[Date "2005.03.27"]
[Round "?"]
[White "knightchaser"]
[Black "Andrzej"]
[Result "0-1"]
[WhiteElo "1973"]
[BlackElo "1887"]
[PlyCount "64"]

1. d4 d5 2. c4 e6 3. Nc3 Nf6 4. cxd5 exd5 5. Bg5 Bb4 6. Rc1 O-O 7. a3 Bxc3+ 8.
Rxc3 c6 9. Rg3 Qd6 10. Bxf6 Qxf6 11. e3 Bf5 12. Nf3 Nd7 13. Qb3 b6 14. h4 Qd6
15. h5 Nf6 16. h6 g6 17. Nh4 Be6 18. Bd3 c5 19. Qd1 cxd4 20. exd4 Rfe8 21. Kf1
Rac8 22. Rf3 Bg4 23. Qd2 Bxf3 24. gxf3 Nh5 25. Ng2 Qf6 26. f4 Qxd4 27. Rxh5
Rc1+ 28. Qxc1 Qxd3+ 29. Kg1 gxh5 30. Nh4 Qh3 31. Ng2 d4 32. Qc6 32... Rc8 {
knightchaser resigns} 0-1

[Event "ICS rated standard match"]
[Site "freechess.org"]
[Date "2005.03.27"]
[Round "?"]
[White "Andrzej"]
[Black "Braunar"]
[Result "0-1"]
[WhiteElo "1968"]
[BlackElo "1999"]
[PlyCount "60"]

1. e4 e5 2. Nf3 Nc6 3. Bc4 Nf6 4. d4 exd4 5. O-O Nxe4 6. Re1 d5 7. Nxd4 Bc5 8.
Bxd5 Qxd5 9. Nc3 Qc4 10. Rxe4+ Be7 11. Qe1 Nxd4 12. Rxe7+ Kd8 13. Bf4 Be6 14.
Rxc7 Nf3+ 15. gxf3 Qxf4 16. Rc5 Qxf3 17. Rd1+ Ke8 18. Rd3 Qg4+ 19. Rg3 Qd4 20.
Rd5 Qc4 21. Rxg7 Kf8 22. Rdg5 Rd8 23. Qe5 Qd4 24. Qg3 h6 25. Rg8+ Ke7 26. Rxd8
Rxd8 27. Rb5 b6 28. Qe3 Rg8+ 29. Kf1 Qxe3 30. fxe3 30... Bc4+ {
Andrzej resigns} 0-1

[Event "ICS rated blitz match"]
[Site "freechess.org"]
[Date "2005.03.27"]
[Round "?"]
[White "Andrzej"]
[Black "dudo"]
[Result "1-0"]
[WhiteElo "1665"]
[BlackElo "1792"]
[PlyCount "57"]

1. e4 e6 2. d4 d5 3. exd5 exd5 4. c4 Nf6 5. Nc3 Bd6 6. Bd3 O-O 7. Nge2 Bg4 8.
O-O c6 9. Bg5 Nbd7 10. Qc2 h6 11. Bh4 Be6 12. c5 Be7 13. Nf4 Qc7 14. Nxe6 fxe6
15. Rae1 e5 16. Bg3 b6 17. cxb6 axb6 18. Bxe5 Nxe5 19. dxe5 Ng4 20. Nb5 Qb8 21.
Qxc6 Nxe5 22. Qxd5+ Kh8 23. Rxe5 Bc5 24. Qe4 Kg8 25. Qh7+ Kf7 26. Bc4+ Kf6 27.
Re6+ Kg5 28. Qg6+ Kf4 29. Re4# {dudo checkmated} 1-0

[Event "ICS rated standard match"]
[Site "freechess.org"]
[Date "2005.03.27"]
[Round "?"]
[White "Andrzej"]
[Black "Gianuzio"]
[Result "1-0"]
[WhiteElo "1864"]
[BlackElo "1770"]
[PlyCount "77"]

1. e4 c5 2. g3 Nc6 3. Bg2 Nf6 4. f4 e6 5. Nf3 d5 6. e5 Nd7 7. O-O Be7 8. d3 O-O
9. g4 f6 10. exf6 Bxf6 11. g5 Be7 12. Bh3 Nb6 13. Qe1 e5 14. Bxc8 Qxc8 15. Nxe5
Nxe5 16. Qxe5 Qg4+ 17. Kh1 Rae8 18. Qe1 Bxg5 19. Qg3 Qxg3 20. hxg3 Bf6 21. c3
Re2 22. Nd2 Rfe8 23. Nf3 Na4 24. Rb1 b5 25. Bd2 b4 26. cxb4 cxb4 27. Bxb4 Nxb2
28. Ne5 Bxe5 29. fxe5 Nxd3 30. Bd6 Nf2+ 31. Kg1 Ne4 32. Rb7 Rxa2 33. Bb4 Nxg3
34. Rff7 Ne2+ 35. Kh2 Nf4+ 36. Kg3 Ne6 37. Rfd7 a5 38. Ra7 Ra4 39. Bxa5 {
Gianuzio forfeits on time} 1-0